2024 MLB Active Home Runs Leaders - Statistics

General Stats
  • This quiz has been taken 461 times
  • The average score is 15 of 20
Answer Stats
Current Team Home Runs Player % Correct
LAA 371 Mike Trout
97%
NYY 257 Aaron Judge
96%
NYY 403 Giancarlo Stanton
96%
PHI 306 Bryce Harper
93%
STL 341 Paul Goldschmidt
93%
LAD 322 Freddie Freeman
91%
LAD 256 Mookie Betts
91%
STL 325 Nolan Arenado
91%
SDP 315 Manny Machado
89%
ATL 231 Matt Olson
78%
PIT 299 Andrew McCutchen
77%
KC 248 Salvador Perez
74%
PHI 247 Kyle Schwarber
72%
ATL 237 Marcell Ozuna
65%
NYY 295 Anthony Rizzo
62%
TOR 244 George Springer
57%
NYM 315 J.D. Martinez
53%
HOU 261 Jose Abreu
49%
MIN 301 Carlos Santana
42%
ARI 247 Eugenio Suarez
29%
No matching quizzes found
Score Distribution
Percent of People with Each Score
Percentile by Number Answered
Your Score History
You have not taken this quiz